00461cam a2200169ua 45000010005000000080039000050200018000440400009000620820016000711000020000872450067001072500009001742600043001833000020002266530023002466530022002691058110427n ii |||gr||||Z||||||eng a81-7117-047-1 cMAIN a323.63095411 aMisra, Udayan.,1 aNorth east India. : bQuest for identity. / cBy Udayan Misra. a1st. aNew Delhi.:bOmsons publications.,988. a189 p.:c20 cm. aPolitical science. aNorth east India.